00653cam a22001457a 4500008004000000082001700040245007300057260005000130300000900180500010200189700002500291999001900316952008600335952008600421180718b1952 xxu||||| |||| 00| 0 eng d aT19x42 Un3ec aEconomic survey of the colonial territories 1951cby Colonial Office aLondonbHer Majesty's Stationery Officec1952 a274p aLibrary has v.1: Central African and high commissio territories, v.5: The far eastern territories aU.K. Colonial Office c421902d421902 00104070aIIPAbIIPAd2009-08-10oT19x42 Un3ecp809r2018-07-21w2018-07-21yBK 00104070aIIPAbIIPAd2009-08-10oT19x42 Un3ecp804r2018-07-21w2018-07-21yBK